Statistiques concernant Asie de l'Est - Carte Quiz

Cliquez ici pour prendre le quiz!

Statistiques générales

  • Ce quiz a été pris 25 672 fois
  • Le résultat moyen est 18 sur 23

Réponses sur la Carte

Les réponses sont colorées sur une échelle allant du rouge au vert en fonction du pourcentage des utilisateurs qui les ont devinées à leur premier essai. Vous pouvez retrouver ces pourcentages ci-dessous.
Chargement ...
 

Statistiques - réponses

Réponse% Correct
Chine
97%
Inde
97%
Corée du Nord
95%
Japon
94%
Mongolie
94%
Corée du Sud
94%
Indonésie
86%
Sri Lanka
85%
Népal
83%
Philippines
81%
Taïwan
80%
Viêt Nam
77%
Cambodge
76%
Thaïlande
75%
Maldives
75%
Malaisie
74%
Bangladesh
73%
Bhoutan
70%
Laos
69%
Singapour
68%
Timor oriental
68%
Brunei
67%
Birmanie
66%

Distribution des résultats

Percentile par nombre de réponses

% des personnes avec chaque résultat

Votre développement - résultats

Vous n’avez pas pris ce quiz